[Event "WYCC U12"]
[Site "Porto Carras"]
[Date "2015.10.25"]
[Round "1"]
[White "Rodrigue Lemieux, Shawn"]
[Black "Ognean, Mihnea Ionut"]
[Result "0-1"]
[WhiteElo "1753"]
[BlackElo "2195"]
[Annotator "John Upper"]
[PlyCount "108"]
[EventType "swiss"]
[EventRounds "11"]
[EventCountry "GRE"]
[SourceTitle "Chess Canada - Ketchup 1"]
[SourceDate "2017.03.23"]

1. e4 {SRL outplays his higher-rated opponent from an equal middlegame, and
turns a better minor piece and control of the only open file into an extra
piece.  But one bad mood can spoil your whole afternoon...} c5 2. Nf3 g6 3. Nc3
Bg7 4. d4 cxd4 5. Nxd4 Nc6 6. Be3 Nf6 7. Be2 (7. Bc4 {is the critical and
theory-heavy line.}) 7... O-O {Diagram [#]} 8. O-O {This is considered
harmless, and Black scores about 57% after his next move, though with no elo
gain.} ({White can discourage ...d5 with} 8. Nb3 {or,}) (8. f4 d5 $6 9. e5 Ne8
10. Bf3 {with a space advantage - Kasparov. In either case, Black is OK after
8...d6.}) 8... d5 $1 $11 9. exd5 Nb4 10. Nb3 Nbxd5 11. Nxd5 Nxd5 12. Bd4 {
Diagram [#]} Nf4 (12... e5 $1 13. Bc5 Re8 14. Bb5 Bd7 15. Bxd7 Qxd7 16. c4 Nf6
{with a decent Sicilian endgame that Black went on to win in: Ding,Y (2315)
-Hou,Y (2570) China, 2010.}) 13. Bf3 (13. Bxg7 {was barely a game at all after}
Qxd1 14. Rfxd1 Nxe2+ 15. Kf1 Kxg7 16. Kxe2 Bf5 17. c3 Rad8 {(½-½, 17) Tolush,
A-Petrosian,T Bucharest, 1953.}) 13... Qc7 14. Bxg7 Kxg7 15. Qd4+ f6 16. Rfe1
e5 17. Qc5 {Diagram [#]} Qf7 {Not clearly bad, and keeping the Qs on suggest
the higher-rated player as Black thought he had better chances with more
pieces on, or that he wasn't confident about his chances in a Sicilian endgame.
} (17... Qxc5 18. Nxc5 Ne6 19. Nxe6+ Bxe6 20. b3 $11) (17... Rf7 $1 {defends
the Q and the 7th, making it easier to develop the Bc8.}) 18. Rad1 Be6 19. Qb5
Rab8 20. Nc5 {Diagram [#]White has some positional threats, and Black has to
be clever.} a6 $6 (20... Bf5 $11) (20... Bc4 21. Qa4 b5 22. Qa5 {and Black has
to find a way to defend against Rd7.}) 21. Qb6 {A doubly useful square for the
Q: attacking d8 and along the sixth rank.} Rfc8 22. Nxe6+ Nxe6 (22... Qxe6 $2
23. Rd6 $18) 23. Bd5 $1 Re8 24. Bb3 $1 Qe7 25. Rd6 $1 $16 {Diagram [#]If
Black's N was on c6, where it is stable and would help fight for the d-file,
then the position would be only a little better for White. But here White has
a big advantage: control over the only open file, an exposed K to target, a
much better minor piece.} Nf4 $2 (25... Nd4 $4 26. Rxd4 $18) (25... Nf8 26.
Red1 Rec8 27. h4 $16) (25... Ng5 $5 {leads to some neat crosspins:} 26. Red1
Nf7 27. Rd7 Rbd8 $1 28. Qxb7 Rxd7 29. Rxd7 Rd8 30. Be6 $1 $16) (25... Nd8 $5
26. Red1 Nf7 {and White can keep building with Re6, but can't immediately win
a pawn with} 27. Bxf7 Qxf7 28. Rd7 Re7 29. Qc7 Rbe8 $16 30. Qxb7 $4 Rd8 $19)
26. Red1 $18 Ne2+ (26... Kh8 27. Rd7 Qf8 28. Rf7 $18) 27. Kh1 {White is in
total control either way, but} (27. Kf1 $1 {ends all back-rank worries.}) 27...
Nd4 28. c3 {Diagram [#] N moves allow Rd7, so Black gives up the piece.} Rbd8
29. Rxd8 Rxd8 30. cxd4 exd4 31. Qe6 Qc7 32. h3 d3 33. Qc4 (33. Bd5 $142 Qc2 34.
Qe7+ Kh6 35. Bf3 $18) 33... Qd7 34. Rd2 Qf5 35. Qc7+ Rd7 36. Qc8 a5 37. Qg8+
Kh6 38. Qe6 Qb5 39. Qc4 Qe5 40. Rxd3 Rc7 41. Qd4 {Diagram [#]} Rc1+ 42. Rd1 $4
{One bad move and it's over.} (42. Bd1 Qe1+ 43. Kh2 $18 {and everything is
defended.}) 42... Qxd4 $19 43. Rxc1 Qxb2 44. Rc2 Qb1+ 45. Kh2 b5 46. Rc5 Qd3
47. Rc6 a4 48. Bg8 Qd4 49. f3 b4 50. Rc4 Qd6+ 51. Kh1 Kg7 52. Rc8 Qd1+ {
Nudging the K up so that checks on the diagonal will attack the dark squares.}
53. Kh2 Qd7 54. Ra8 Qc6 $1 {There are no safe squares for the R, so the Bg8 is
lost.} 0-1

[Event "WYCC U16"]
[Site "Porto Carras"]
[Date "2015.10.25"]
[Round "1"]
[White "Winiarski, Mikolaj"]
[Black "Preotu, Razvan"]
[Result "0-1"]
[WhiteElo "2113"]
[BlackElo "2463"]
[Annotator "John Upper"]
[PlyCount "50"]
[EventDate "2015.10.26"]
[EventType "swiss"]
[EventRounds "11"]
[EventCountry "GRE"]
[SourceTitle "Chess Canada - Ketchup 1"]
[SourceDate "2017.03.23"]

1. d4 Nf6 2. c4 e6 3. g3 c5 4. d5 exd5 5. cxd5 d6 6. Nc3 g6 7. Bg2 Bg7 8. Nf3
O-O 9. O-O Re8 10. Nd2 a6 11. a4 Nbd7 {Diagram [#]} 12. Nc4 {Although it's
been played a few times by Karpov and Marin, this might be inaccurate.} ({
Avrukh's repertoire books recommend:} 12. h3 $5 Rb8 13. Nc4 Ne5 14. Na3 Nh5 15.
e4 Rf8 (15... Bd7 $13 {0-1 (41) Sasikiran,K (2689)-Anand,V (2817) Bastia 2011})
16. Kh2 (16. g4 $6 Qh4 17. gxh5 Bxh3 18. h6 Bh8 19. Qe2 f5 $40 {Timman}) 16...
f5 $2 {Kasparov} 17. f4 b5 $1 18. axb5 $1 axb5 19. Naxb5 $16 fxe4 20. Bxe4 $1
Bd7 {was the start of the Olympiad showdown between Kortschnoi,V -Kasparov,G
Luzern, 1982 (0-1, 36).}) (12. a5 $5 b5 13. axb6 Nxb6 14. Nb3 Bf5 15. Na5 Ne4 {
(1-0, 41) Topalov,V (2771)-Karjakin,S (2786) Zug, 2013.}) 12... Ne5 13. Na3 (
13. Nxe5 Rxe5 $11 {the piece exchange greatly relieves Black's cramped game.}
14. h3 Rb8 15. Bf4 Re8 16. Qd3 Nh5 17. Bd2 f5 18. Rfb1 Bd7 19. b4 b5 20. axb5
cxb4 21. Rxb4 Bxb5 $15 22. Rxb5 axb5 23. Rb1 b4 24. Nb5 $2 Nxg3 $1 $19 {
Karpov,A (2619)-Naiditsch,A (2710) Kiev rapid, 2013 (0-1, 46).}) 13... Nh5 14.
h3 f5 {Diagram [#]} 15. f4 $6 (15. Kh2 $2 f4 $1 $40 16. Bxf4 $140 $2 (16. gxf4
Qh4 17. e3 Bg4 $1 $19 {is almost identical to the game.}) 16... Nxf4 17. gxf4
Qh4 $1 18. e3 (18. fxe5 $2 Qf4+ 19. Kg1 Bxe5 20. Re1 Bxh3 $19) 18... Bg4 19. f3
Nxf3+ $1 20. Rxf3 Rxe3 $1 21. Rxe3 Bxd1 22. Nxd1 Qxf4+ $19 {(0-1, 38) Gonzalez
Perez,A (2490)-Aroshidze,L (2539) Barbera del Valles, 2011.}) 15... Nf7 {
Diagram [#]} (15... Nxg3 $5 {is playable, but Black doesn't need to burn his
bridges.}) 16. Qd3 $6 {Too optimistic: defending g3 and trying to discourage ..
.b5.} (16. Qe1 {would have been safer, though after} Bd7 {any Benoni player
would be very happy with Black's position.}) (16. Kh2 b5 $1 $17 17. axb5 $2
axb5 18. Ncxb5 Ba6 19. Rb1 Qd7 20. Nc3 Bxc3 21. bxc3 Bxe2 $19 {(0-1, 28)
Tuhrim,R (2163)-Can,E (2498) Rethymnon, 2011.}) 16... b5 $1 17. axb5 axb5 18.
Ncxb5 Ba6 {Diagram [#]This is why Black is happy to play ...b5 as a pawn sac.
Just compare the piece activity:  >it is hard to identify a White piece which
is well-placed or even has decent prospects if he manages to untangle.  >OTOH
Black's Nf7 (which defends d6) and his Q (which threatens to go to b6) are his
only pieces which aren't currently attacking White's position.} 19. g4 (19. Rb1
{unpins the Na3, but Benoni tricks keep on coming:} c4 $1 20. Qxc4 Nxg3 21. Re1
Rb8 $19 {and there's no good defence to ...Qb6+ winning the Nb5.}) 19... Bxb5
20. Qxb5 (20. Nxb5 {is the computer's preference,} Rxa1 21. gxh5 Qb6 22. Kh2
Qa6 $1 $19 {the Qs will come off, then Black's Rs will rule while White's
B-pair is blocked by his own pawns.}) 20... fxg4 21. hxg4 Bd4+ {Diagram [#]
Once again, Black delivers death on the dark squares in a Benoni.} 22. e3 Rxe3
$1 23. Bxe3 $6 (23. Nc2 {is another computer improvement, which shouldn't
affect the result:} Rb3+ 24. Nxd4 Rxb5 25. Rxa8 Qxa8 26. Nxb5 Nf6 $19) 23...
Bxe3+ 24. Rf2 Bxf2+ ({or} 24... Nxf4) 25. Kxf2 Qh4+ {Diagram [#] A diagram to
reinforce how well the ...b5 sac worked: 85% of White's forces are AWOL on the
a and b-files while Black's pieces are tearing the kingside apart.} 0-1

[Event "WYCC U16"]
[Site "Porto Carras"]
[Date "2015.10.27"]
[Round "3"]
[White "Thorgeirsson, Jon Kristinn"]
[Black "Preotu, Razvan"]
[Result "1-0"]
[WhiteElo "2282"]
[BlackElo "2463"]
[Annotator "John Upper"]
[PlyCount "57"]
[EventDate "2015.10.26"]
[EventType "swiss"]
[EventRounds "11"]
[EventCountry "GRE"]
[SourceTitle "Chess Canada - Ketchup 1"]
[SourceDate "2017.03.23"]

1. d4 Nf6 2. c4 e6 3. Nf3 b6 4. g3 Ba6 5. Qc2 c5 {Diagram [#]} 6. dxc5 (6. d5 {
is what White plays when trying for more than equality; e.g.} exd5 7. cxd5 Bb7
8. Bg2 Nxd5 9. O-O (9. Ng5 $6 $146 Ne3 $3 (9... Nb4 $4 10. Qf5 $18) 10. Bxe3
Bxg2 11. f3 {leads to an interesting mess, where computers prefer Black.}) 9...
Nc6 10. Rd1 Be7 11. Qa4 Nf6 12. Nh4 O-O $44 {with quite a few top-level games.}
13. Nf5 (13. Nc3 g6 14. Bg5 Rb8 {(1-0, 83) Aronian,L (2786)-Nakamura,H (2790)
Moscow, 2016.}) 13... d5 14. Nc3 Nd4 15. Nxd4 cxd4 16. Qxd4 Bc5 $11 {(½-½,
36) Radjabov,T (2726)-Harikrishna,P (2763) Shamkir, 2016.}) 6... Bxc5 (6...
bxc5 {is unbalanced and playable, but the pawn pressure on d4 doesn't seem to
quite compensate for the less active DSB after ...d6, and Black might not like
the hanging pawns after an eventual ...d5.}) 7. Bg2 Nc6 8. a3 Bb7 9. O-O O-O {
Diagram [#]} 10. Bg5 (10. b4 Be7 11. Bb2 Rc8 12. Nc3 a5 13. b5 Nb8 14. Qd3 Qc7
15. Nd2 Bxg2 16. Kxg2 d6 17. Rac1 Rfd8 {(1-0, 51) Bachtiar,A (2360)-Ribli,Z 
(2590) Surakarta, 1982.}) 10... Be7 11. e4 $5 Nxe4 12. Bxe7 Nxe7 13. Ng5 Nxg5
14. Bxb7 Rb8 15. Bg2 {Diagram [#]} h6 (15... f5 $5 {controls some light
squares and lets the Ng4 go to f7.}) 16. Rd1 Qc7 17. Nc3 Qxc4 18. Rxd7 {
Diagram [#]Black has a choice of ways to equalize, though that might not have
been his goal against a player he outrated by almost 200 points.} Nc8 $6 {
This defends the Pa7, but Black has difficulty activating it later. Black can
give up the a7-pawn to finish developing, but with no real hope of advantage.}
(18... Nc6 19. Rad1 (19. Bxc6 $4 Qxc6 20. Rxa7 Nh3+ $19) (19. Rc7 Rbc8 $15)
19... Ne5 20. Rxa7 Ngf3+ $11) (18... Nd5 19. h4 Nxc3 20. Qxc3 Qxc3 21. bxc3 Nh7
22. Rxa7 Rfc8 $11) 19. Rad1 Nh7 20. R1d4 Qc5 21. b4 Qe5 22. Ne4 g5 $2 (22...
Ne7 $4 23. f4 $18) (22... Rb7 $1 $14 {looks like it has to lose, but it's
actually the best defence.}) 23. Qc3 {Diagram [#] Critical Position} (23. f4 $3
gxf4 24. gxf4 Qxf4 25. Qc3 {and there's no good defence to Rd3-f3/g3.}) 23...
b5 $4 (23... Nf6 24. Nxf6+ Qxf6 25. Qc7 Ne7 $11 {and the loose Rd4 gives Black
time to save his N and R.}) 24. Rxf7 $1 $18 {On either caputure on f7, the Rd4
moves with check and a discovered attack on the Qe5.} Nb6 25. Rxa7 Rbc8 26. Qd3
Rc1+ 27. Bf1 Qf5 28. g4 $1 Qg6 (28... Qxg4+ 29. Ng3 {and Black is haning on h7
and g4.}) 29. Nf6+ 1-0

[Event "WYCC U14g"]
[Site "Porto Carras"]
[Date "2015.10.27"]
[Round "3"]
[White "Sliwicka, Alicja"]
[Black "Ouellet, Maili-Jade"]
[Result "0-1"]
[WhiteElo "2129"]
[BlackElo "2005"]
[Annotator "John Upper"]
[PlyCount "122"]
[EventDate "2015.10.26"]
[EventType "swiss"]
[EventRounds "11"]
[EventCountry "GRE"]
[SourceTitle "Chess Canada - Ketchup 1"]
[SourceDate "2017.03.23"]

{MJO's opponent, a Polish WFM, finished clear second with 8.5/11.} 1. e4 c5 2.
Nf3 e6 3. c4 d6 4. Nc3 Nf6 5. Be2 Be7 (5... e5 {loses a tempo over ...e7-e5,
but in such a closed position it's not a big deal.}) 6. d4 cxd4 7. Nxd4 a6 8.
Be3 Qc7 9. O-O O-O 10. Qd2 Nbd7 11. Rac1 b6 12. Rfd1 Bb7 13. f3 Rac8 14. Bf1
Rfe8 {Diagram [#]Through a slightly unusual move order the players have
reached a standard Hedgehog position.  Kasparov called the Hedgehog "Virtually
the greatest `hit' of the 1970s" ("Revolution in the 70s", Chapter 1).  Black
concedes space but has no weaknesses and is ready to strike at White's center
with ...b5 or ...d5. When that works -- as it does in this game -- White can
get torn apart on the over-extended kingside. It's nice to see a young player
handling this flexible counter-attcking system so well as Black.  For more on
this opening and its middlegames, see either of the two excellent volumes of
"The Complete Hedgehog" by Sergei Shipov (Mongoose, 2009 and 2011).} 15. Qf2 (
15. Kh1 Qb8 16. Qf2 Bd8 17. Nb3 Bc7 18. Qg1 Kh8 $1 {Analysis Diagram [#]
Playing Fischer's maneuver from Garcia Soruco-Fischer (Havana Olympiad, 1966)
and repeaded with colours reversed in his 1970 training game vs Ulf Andersson.
In both games Fischer had a won position after 21 moves playing the Hedgehog.}
19. Rc2 Rg8 $1 20. Rcd2 g5 $1 21. Bd4 Rg6 $1 22. Nc1 Rcg8 $1 23. Nd3 Qf8 24.
Re1 $6 g4 $1 25. fxg4 e5 $5 26. Be3 Nxg4 27. Nd5 Bd8 $1 $17 {(0-1, 42)
Taimanov,M-Yusupov,A Kislovodsk, 1982.}) 15... Qb8 16. a3 (16. -- {White is a
tempo up on Azmaiparashvili,Z (2655)-Kasparov,G (2805) (London, 1993) where
White played 2.c2-c3 then 7.c3-c4. That game showed another common maneuver in
the Hedgehog: ...Bd8-c7 then ...d5:} Bd8 17. Rc2 Bc7 18. g3 Bd8 19. b3 h6 20.
g4 Ne5 21. h3 Ng6 22. Bc1 Nd7 23. Bg2 b5 $13 24. cxb5 axb5 25. Ndxb5 d5 26. Be3
(26. exd5 Bb6 27. Be3 Bxe3 28. Qxe3 Ba6 $13) 26... Bh4 27. Qf1 Ba6 28. a4 $8
$15 Nf6 29. Rdc1 Nf4 30. Ba7 Qe5 31. Bd4 Qg5 32. exd5 exd5 $17 33. Kh1 Rc6 34.
Rd1 Rce6 $40 35. Rcc1 Bg3 $1 36. Bf2 Qh4 37. Rc2 h5 $1 $19 38. Kg1 hxg4 39.
fxg4 Nxg4 {0-1 Azmaiparashvili,Z (2655)-Kasparov,G (2805) London, 1993.}) 16...
Bd8 17. b4 Bc7 (17... Ne5 18. Na4 (18. Nb3 d5 $1 $13) 18... d5 $1 19. cxd5 Neg4
$3 20. fxg4 Nxg4 21. Qg3 (21. Qf4 Bg5 $1 $17) 21... Qxg3 22. hxg3 Nxe3 $11) 18.
g4 h6 19. Nde2 $6 {Diagram [#]} (19. b5 $5) (19. Nb3 d5 $1 20. cxd5 exd5 21.
Nxd5 Nxd5 22. exd5 Bxh2+ $11 (22... Ne5 $5)) 19... d5 $1 $11 (19... Ne5 $1) 20.
cxd5 exd5 21. h3 $6 (21. Nxd5 $11) 21... dxe4 {Diagram [#]} 22. f4 $1 {
Concedes a pawn, but denies Black's pieces use of the square e4 and the
diagonals running across it.} (22. Nxe4 $2 Nxe4 ({or} 22... Bxe4 23. fxe4 Nxe4
$17) 23. fxe4 Nf6 $17) 22... Rcd8 23. Ng3 Nf8 24. Rxd8 Rxd8 25. b5 a5 26. Bg2
$6 (26. Nf5 {/\g4-g5}) 26... Ng6 27. Nge2 {Diagram [#]} Re8 (27... Rd3 $1 {
/\Xe3.}) 28. Rd1 Bd6 29. a4 Nd7 30. Nd5 (30. Bxb6 Nxb6 31. Qxb6 Bc7 32. Qe3
Nxf4 {/\...Re6 and ...Bb6; White won't last long enough to make the protected
passed b-pawn count.}) 30... Nc5 $1 31. f5 {Diagram [#]} Bxd5 (31... Ne5 {
threatens both ...Nce3 (when the Nd5 hangs) and the possibility of ...Nf3+
with a huge attack.} 32. Nxb6 Nf3+ 33. Bxf3 exf3 34. Nc3 Bg3 35. Qd2 Rxe3 36.
Qxe3 Bh4) 32. Rxd5 (32. fxg6 $1 Be6 33. gxf7+ Bxf7 {Black is still up a pawn
and White's Kingside is Swiss cheese.}) 32... Ne7 33. Rd1 Nd3 $19 34. Qf1 Nd5
35. Bd4 Bc5 36. Bxe4 Bxd4+ 37. Nxd4 Qg3+ 38. Bg2 {Diagram [#]} Ne3 {Wins an
exchange and simplifies to an easily winning ending. Black also wins with the
attacking} (38... N5f4 $1 {and there's no good defence to ...Nxh3 then ...
Ndf2+.}) 39. Rxd3 Nxf1 40. Rxg3 Nxg3 41. Bc6 Rd8 42. Nf3 {Diagram [#]White has
avoided mate, but has a dead lost ending, which Black converts smoothly.} Ne2+
$1 43. Kf2 Nd4 44. Ke3 Nxf3 $1 45. Bxf3 Kf8 46. h4 f6 $1 {Now the B is useless.
} 47. Be2 Ke7 48. Bf3 Kd6 49. Kd4 Re8 50. Be4 Re5 51. Ke3 Kc5 52. Kf4 Kd4 53.
Bf3 Re3 54. Bd1 Rh3 55. Bf3 Rh2 56. Kg3 Ra2 57. g5 hxg5 58. hxg5 Rxa4 59. Kh4
Ke5+ 60. Kh5 Kxf5 61. g6 Ra3 0-1

[Event "WYCC U10"]
[Site "Porto Carras"]
[Date "2015.10.27"]
[Round "3"]
[White "Praggnanandhaa, R."]
[Black "Issani, Nameer"]
[Result "1-0"]
[WhiteElo "2077"]
[BlackElo "1776"]
[Annotator "John Upper"]
[PlyCount "101"]
[EventDate "2015.10.26"]
[EventType "swiss"]
[EventRounds "11"]
[EventCountry "GRE"]
[SourceTitle "Chess Canada - Ketchup 1"]
[SourceDate "2017.03.23"]

{White is an FM from India who won the U10 section with 9/11 on tie-break over
Makoveev from Russia.} 1. e4 e5 2. Nf3 Nc6 3. Bc4 Bc5 4. c3 Nf6 5. d3 d6 6. Bb3
O-O {Diagram [#]} 7. Bg5 {Much less common than you might expect, especially
since creating an annoying pin is strategically sensible and leads to an
easy-to-understand middlegame:  if Black doesn't break the pin then White
sends his Nb1 to h5 and plays for mate; if Black's pawns chase the Bg5 White
will break against the extended kingside pawns. This game is a good example of
that second plan.} ({More common is:} 7. O-O a6 8. h3 Ba7 {tucking away the B
and stabilizing the Nc6 so there are no "free" tempos to worry about when all
the pieces are fighting for the center.} 9. Re1 h6 10. Nbd2 Re8 (10... Nh5) (
10... Be6) 11. Nf1 Be6 {with hundreds of games.}) 7... Be6 (7... h6 8. Bh4 g5
9. Bg3 Bg4 (9... Nh5 10. Nbd2 Qf6 $13 {(0-1, 50) Shaposhnikov,E (2545)-Smirnov,
A (2414) Kaluga, 2012.}) 10. h3 Bh5 11. h4 g4 12. Nh2 Ne7 13. Nd2 Ng6 14. Nc4
Kh8 15. Qd2 Kh7 16. O-O-O b5 17. Ne3 Bxe3 18. Qxe3 (18. fxe3 $1 {to attack
along the f-file.}) 18... a5 {and White eventually crashed through Black's
kingside in Agdestein,S (2625)-Hammer,J (2647) Oslo (rapid), 2014.}) 8. O-O (8.
Nbd2 a6 9. h3 Ba7 10. Bh4 Kh8 11. g4 $6 Ne7 12. Bxf6 gxf6 13. Nh4 Ng6 14. Ng2
c6 15. Qf3 d5 16. Nf1 a5 17. Ng3 {heading for h5} Bc5 $15 {getting back to
support the kingside. Black's B-pair and center gave him a plus in Kasparov,G 
(2851)-Timman,J (2650) Rotterdam, 1999 (0-1, 59).}) 8... Re8 9. Nbd2 h6 10. Bh4
g5 11. Bg3 Kh7 12. Bc2 Kh8 13. b4 Bb6 {Diagram [#]} 14. b5 (14. Bb3 Bxb3 15.
Qxb3 $14 (15. axb3 $14)) 14... Ne7 (14... Na5 $5 {the Na5 looks like it might
get sidelined for a long time, but Black can pry it out with ...a6 and ...c6.}
15. d4 Nh5 16. d5) 15. d4 exd4 {Diagram [#]} 16. Nxd4 $1 {Getting rid of the
Be6 and preparing f2-f4 to attack Black's extended kingside is better than the
more obvious cxd4.} (16. cxd4 Ng6 $14 {/\...g4.}) 16... Ng6 17. Nxe6 Rxe6 18.
Bb3 Re7 19. Kh1 Qe8 20. f4 $1 $16 {Diagram [#] Weakening Black's pawns and
opening the f-file.} Be3 (20... Nxe4 $2 21. Nxe4 Rxe4 22. fxg5 $18 {and
Black's kingside collapses.}) (20... g4 {keeps the f-file closed, but still
loses:} 21. e5 Nh5 22. Qxg4 Nxg3+ 23. Qxg3 dxe5 24. f5 $1 $18 {and f5-f6 wins.}
) 21. e5 (21. fxg5 Bxg5 22. Rf5 {the Nf6 is pinned to f7, so White just piles
up on the f-file.}) 21... dxe5 $8 (21... Nd7 22. exd6 cxd6 23. fxg5 Bxg5 (23...
hxg5 24. Bxd6 $18) 24. Nc4 $18) 22. fxe5 Nd7 (22... Ng8 $16 {is sad but more
tenacious.}) 23. Qh5 Kg7 24. Ne4 Bf4 {Diagram [#]} 25. Bxf4 gxf4 (25... Nxf4
26. Rxf4 $8 $18 gxf4 27. Nf6 $1 {threatening the Qe8 and a fork with Qg4+, and
even just Rf1xf4 with a crushing attack.} Qh8 (27... Nxf6 28. exf6+ Kxf6 29.
Qxh6+ {leads to mate.}) 28. Qg4+ Kf8 29. Nxd7+ $18) 26. Nf6 Nxf6 27. exf6+ Kxf6
28. Qxh6 Re4 29. Bd5 Ra4 30. Bb3 Re4 31. Bc2 Qe5 32. Bxe4 Qxe4 33. Qh3 Rh8 34.
Rae1 {Diagram [#]} Qc4 ({Black can't save the endgame after} 34... Rxh3 35.
Rxe4 Rxc3 36. Ra4 Rc5 37. Rb1 $1 $18) 35. Qe3 Rd8 36. Qe4 Qxb5 37. Rd1 (37.
Rxf4+ Nxf4 38. Qe7+ {is faster, but White wins either way.}) 37... Re8 38. Qd4+
Re5 39. Rfe1 f3 40. gxf3 Qc6 41. Kg2 Qe6 42. Rxe5 Nxe5 43. Re1 c5 44. Qf4+ Qf5
45. Qxf5+ Kxf5 46. Rb1 b6 47. Kg3 Nd3 48. h4 Nf4 49. Rh1 Nh5+ 50. Kf2 Kf4 51.
Re1 1-0